| 000 | 00472nam a2200181 a 4500 | ||
|---|---|---|---|
| 001 | 5429 | ||
| 003 | CO-ViMGA | ||
| 008 | 141112s2004 ck r 000 u spa d | ||
| 040 |
_aCO-ViMGA _bspa _cCO-ViMGA |
||
| 082 | _aCo860.9 A91m | ||
| 100 | 1 |
_aAyala Poveda, Fernando _9872 |
|
| 245 | 1 | 0 | _aManual de literatura colombiana |
| 250 | _a2a | ||
| 260 |
_aBogotá ; Planeta, _c1984 |
||
| 300 | _a2 v : il | ||
| 650 | 1 | 4 |
_aLITERATURA COLOMBIANA - MANUALES _95154 |
| 942 |
_2ddc _cBK |
||
| 999 |
_c10652 _d10652 |
||